000 00483nam a22001817a 4500
003 CEME
005 20210628203036.0
008 210129b xxu||||| |||| 00| 0 eng d
020 _a9789693513042
040 _c.
082 _a891.4393 PRE
100 _aPrem Chand, Munshi
_962990
245 _aMajmua munshi preem chand asaanay
260 _aLAHORE
_bSANG-E-MEEL
_c2005
300 _a928P
650 _aURDU ADAB-SHORT STORIES.URDU LITERATURE-FICTION
_958956
942 _cBK
_2ddc
999 _c571941
_d571941